| 000 | 00627nam a22002297a 4500 | ||
|---|---|---|---|
| 999 |
_c11121 _d11121 |
||
| 003 | OSt | ||
| 008 | 220409b ||||| |||| 00| 0 eng d | ||
| 020 | _a9789380896199 | ||
| 082 | _a515.5 DHS | ||
| 100 | _aDHANONCHAK, Dr. Poonam | ||
| 245 | _aSpecial Functions and Integral Transforms B.A. / BCs. 2nd | ||
| 250 |
_a20th _b2022 |
||
| 260 |
_aNew Delhi _bJeevansons Publications _c2022 |
||
| 300 | _a578 | ||
| 650 | _aB.A / BSc. 2nd Sem 4th | ||
| 700 | _aGOEL, Sanjay. | ||
| 700 | _aGARG, Dr. Sanjay | ||
| 700 | _aSINGH, Manjeet. | ||
| 700 | _aYADAY, DR, Mukesh. | ||
| 700 | _aGUPTA, Shallu. | ||
| 942 |
_2ddc _cBK _012 |
||